|
|
|
|
| LEADER |
00000nab a2200000 a 4500 |
| 001 |
vtls000543343 |
| 003 |
SK-MaSNL |
| 005 |
20260305020404.0 |
| 008 |
250425c1995 xo 0 slo |
| 015 |
|
|
|a SNBRB19rr/mm-uuuuu
|
| 035 |
|
|
|a CL0543481
|
| 035 |
|
|
|a urn:nbn:sk:snk-ab7auc
|
| 035 |
|
|
|a (uuid)c7dce65a-9edc-4aa7-8cb5-60495ab43aa6
|
| 035 |
|
|
|a (urnnbn)urn:nbn:sk:snk:ar-a07e58
|
| 035 |
|
|
|a (sysno)vtls000543343
|
| 040 |
|
|
|a SNKBUCL
|b slo
|c SNKBUCL
|e AACR2
|
| 041 |
0 |
|
|a slo
|
| 044 |
|
|
|a xo
|c SK
|
| 080 |
|
|
|a 616.248
|2 1981
|
| 245 |
0 |
0 |
|a Priedušková astma - medicínsky a spoločenský význam
|n 1. časť
|p Poznámky k definícii a etiopatológii astmy
|c J. Vokaľ ... [et al.]
|
| 300 |
|
|
|b Res. angl., slov., lit. 43 zázn. v angl., češ., slov.
|
| 650 |
0 |
7 |
|a astma
|2 snkbucl
|9 2427
|
| 655 |
|
7 |
|a články z novín a časopisov
|2 snkbucl
|9 267496
|
| 700 |
1 |
|
|a Vokaľ, J.
|4 aut
|9 806726
|
| 700 |
1 |
|
|a Salát, Dušan,
|d 1947-2016
|4 aut
|9 209695
|
| 700 |
1 |
|
|a Makovcová, Š.
|4 aut
|9 807199
|
| 700 |
1 |
|
|a Soukupová, M.
|4 aut
|9 965417
|
| 773 |
0 |
|
|t EUROREHAB
|g Roč. 5, č. 1 (1995), s. 15-18
|x 1210-0366
|
| 850 |
|
|
|a Slovenská národná knižnica
|
| 852 |
|
|
|a Slovenská národná knižnica
|
| 954 |
|
|
|a odborná, vedecká literatúra pôvodná (slovenská)
|2 lita
|
| 958 |
|
|
|a article27
|
| 958 |
|
|
|a OND
|
| 958 |
|
|
|a RK
|
| 958 |
|
|
|a MI
|
| 958 |
|
|
|a NB
|
| 958 |
|
|
|a EUIPO
|
| 992 |
|
|
|a RBX
|
| 999 |
|
|
|c 3280439
|d 3282369
|